logo

Bir Sreshtho Munshi Abdur Rouf Library
Jhenaidah Cadet College

Folk Tales and Fancies / (Record no. 4252)

MARC details
000 -LEADER
fixed length control field 00554nam a2200217 a 4500
001 - CONTROL NUMBER
JCCL Control Number 4252
003 - CONTROL NUMBER IDENTIFIER
JCCL marc code BD-JhCC
005 - DATE AND TIME OF LATEST TRANSACTION
control field 20171126191015.0
008 - FIXED-LENGTH DATA ELEMENTS--GENERAL INFORMATION
fixed length control field 171119s1947 uk |||| ||a| 000 0 eng d
035 ## - SYSTEM CONTROL NUMBER
system control number (BD-JhCC)
040 ## - CATALOGING SOURCE
Original cataloging agency BD-JhCC
Modifying agency BD-JhCC
041 ## - LANGUAGE CODE
Language code of Book eng
082 ## - DEWEY DECIMAL CLASSIFICATION NUMBER
Classification number 823.914
Author mark and Year SMI 1947
100 ## - MAIN ENTRY--PERSONAL NAME
Personal name Smith, R.
245 ## - TITLE STATEMENT
Title Folk Tales and Fancies /
Statement of responsibility, etc R. Smith and A. H. Sutton
260 ## - PUBLICATION, DISTRIBUTION, ETC. (IMPRINT)
Place of publication, distribution, etc London :
Name of publisher, distributor, etc Ginn and Company Ltd,
Date of publication, distribution, etc 1947
300 ## - PHYSICAL DESCRIPTION
Pagination 63 p. :
Dimensions 18 cm.
650 ## - SUBJECT ADDED ENTRY--TOPICAL TERM
Topical term or geographic name as entry element Children's stories
700 ## - ADDED ENTRY--PERSONAL NAME
Personal name Sutton, A. H.
942 ## - ADDED ENTRY ELEMENTS (KOHA)
Source of classification or shelving scheme Dewey Decimal Classification
Koha item type Books
Holdings
Source of classification or shelving scheme Damaged status Not for loan Home library Current library Shelving location Date of accession Total Checkouts Full call number Barcode Date last seen Copy number Koha item type
Dewey Decimal Classification     JCC Rouf Library JCC Rouf Library General Stacks 11/25/2017   823.914 SMI 1947 5628 11/25/2017 C-1 Books

JCC Library | Contacts | JCC Home

Last Update on 23 September 2017
Copyright @ 2017-2020 JCC Rouf Library
Rouf Library, Jhenidah Cadet College (JCC), Bangladesh